000 00667nam a2200193 i 4500
001 49829
003 ES-MaACL
005 20230906162053.0
007 t|
008 030724s1968 sp ||||1| spa d
100 1 _aCox, Anne.
_941388
245 1 0 _aPlanificación de plantillas de personal en la empresa /
_cpor Anne Cox, Alex Margulies, Jens Soberlund ; traducida del inglés por Antonio Sainz de Miera.
260 _aMadrid :
_bIbérico Europea,
_c[1968]
300 _a162 p. :
_bil. ;
_c22 cm.
700 1 _aMargulies, Alex.
_976640
700 1 _aSoberlund, Jens.
_9106983
700 1 _aSainz de Miera, Antonio.
_9101592
852 _aES-MaACL
_jC-46801
_bR.66764
999 _c49829
_d49829